عقد الجمان في تاريخ أهل الزمان : (Record no. 14509)
[ view plain ]
| 000 -الفاتح | |
|---|---|
| حقل البيانات ثابتة الطول | 01910nam a2200373 i 4500 |
| 003 - محدد رقم الضبط | |
| رقم الضبط | EG-ScBUE |
| 005 - وقت وتاريخ اخر تعامل مع التسجيلة | |
| رقم الضبط | 20240225121823.0 |
| 008 - عناصر البيانات ثابتة الطول - معلومات عامة | |
| حقل البيانات ثابتة الطول | 100719k19871992ua f b 000 0 ara d |
| 017 ## - رقم الإيداع القانونى | |
| رقم الإيداع القانونى | 1989 / 5864 |
| 017 ## - رقم الإيداع القانونى | |
| رقم الإيداع القانونى | 1991 / 9341 |
| 017 ## - رقم الإيداع القانونى | |
| رقم الإيداع القانونى | 1988 / 3592 |
| 017 ## - رقم الإيداع القانونى | |
| رقم الإيداع القانونى | 1987 / 3986 |
| 020 ## - الرقم الدولى المعيارى للكتب | |
| الرقم الدولى المعيارى للكتاب | 9770113859 (ج. 1) |
| 020 ## - الرقم الدولى المعيارى للكتب | |
| الرقم الدولى المعيارى للكتاب | 9770122211X (ج. 3) |
| 020 ## - الرقم الدولى المعيارى للكتب | |
| الرقم الدولى المعيارى للكتاب | 9770129127 (ج. 4) |
| 020 ## - الرقم الدولى المعيارى للكتب | |
| الرقم الدولى المعيارى للكتاب | 9770117676 (ج. 2) |
| 040 ## - مصدر الفهرسة | |
| وكالة الفهرسة الأصلية | EG-ScBUE |
| لغة الفهرسة | ara |
| قواعد الوصف | rda |
| وكالة النسخ | EG-ScBUE |
| وكالة التعديل | EG-ScBUE |
| 043 ## - رمز المنطقة الجغرافية | |
| رمز المنطقة الجغرافية | f-ua--- |
| 082 04 - رقم تصنيف ديوى العشرى | |
| رقم الطبعة | 22 |
| رقم التصنيف | 962.02 |
| رقم المادة | ع ي ن |
| 100 1# - المدخل الرئيسى - إسم شخصى | |
| 9 (RLIN) | 16436 |
| الإسم الشخصى | عيني، محمود بن أحمد، |
| التواريخ المصاحبة للاسم | 762-855 هـ.، |
| الدور | مؤلف. |
| 245 10 - بيان العنوان | |
| العنوان | عقد الجمان في تاريخ أهل الزمان : |
| اسم جزء/قسم العمل | عصر سلاطين المماليك / |
| بيان المسئوليه,etc | تأليف بدر الدين محمود العيني ؛ حققه ووضع حواشيه دكتور محمد محمد أمين، أستاذ تاريخ العصور الوسطى، كلية الآداب، جامعة القاهرة. |
| 264 #1 - النشر، التوزيع | |
| مكان الناشر او الموزع | القاهرة : |
| اسم الناشر او الموزع | الهيئة المصرية العامة للكتاب، |
| تاريخ النشر أو التوزيع | 1987-1992. |
| 300 ## - الوصف المادى | |
| التعداد | 4 مجلدات ؛ |
| أبعاد الوعاء | 28 سم |
| 336 ## - نوع المحتوى | |
| source | rdacontent |
| Carrier Type Term | نص |
| Content Type Code | txt |
| 337 ## - نوع الوسيط | |
| Media Type Term | بدون وسيط |
| source | rdamedia |
| Media Type Code | n |
| 338 ## - نوع الحامل أو الناقل | |
| Carrier Type Term | مجلد |
| Carrier Type Code | nc |
| source | rdacarrier |
| 504 ## - تبصرة ببليوجرافية | |
| تبصرة ببليوجرافية,الخ | يشتمل على إرجاعات ببليوجرافية. |
| 505 0# - تبصرة محتويات-الفهرس | |
| تبصرة المحتويات المصاغة | المجلد الأول. حوادث وتراجم، 648-664 هـ / 1250-1265 م -- المجلد الثاني. حوادث وتراجم، 665-688 هـ / 1266-1289 م -- المجلد الثالث. حوادث وتراجم، 689-698 هـ / 1290-1298م -- المجلد الرابع. حوادث وتراجم 699-707 هـ / 1299-1307م. |
| 541 ## - تبصرة المصدر المباشر للتزويد | |
| مصدر التزويد | ألف باء ؛ |
| طريقة التزويد | شراء ؛ |
| 651 #7 - المدخل الاضافى بالموضوع - اسم جغرافى | |
| الاسم الجغرافي | مصر |
| التقسيم الفرعي العام | تاريخ |
| التقسيم الفرعي الزمني | عصر المماليك (1250-1517 م.). |
| مصدر الرأس أو المصطلح | BUEsh |
| 655 ## - مصطلح تكشيفى-نوع/شكل | |
| التقسيم الفرعي الشكلي | Reading book |
| 700 1# - المدخل الاضافى - اسم شخصى | |
| 9 (RLIN) | 16438 |
| الإسم الشخصى | أمين، محمد محمد، |
| الدور | محقق. |
| 942 ## - عناصر المدخل الإضافي( كوها) | |
| مصدر التصنيف او مخطط الترفيف | Dewey Decimal Classification |
| Koha [default] item type | Book - Borrowing |
| حالة التراجع | حالة الفقد | مصدر التصنيف او خطة الترفيف | حالة تلف | ليس للاعارة | مجموعات كوها | المكان الدائم | المكان الحالي | موقع الترفيف | تاريخ الاكتساب | Source of acquisition | رقم الاستدعاء | الباركود | Date last seen | نوع الوعاء | تبصرة عامة |
|---|---|---|---|---|---|---|---|---|---|---|---|---|---|---|---|
| Dewey Decimal Classification | Alef-Baa | Central Library | Central Library | Second Floor | 18/08/2010 | Purchase | 962.02 ع ي ن | 000021558 | 15/07/2025 | Book - Borrowing | ج. 1. | ||||
| Dewey Decimal Classification | Alef-Baa | Central Library | Central Library | Second Floor | 20/11/2011 | Purchase | 962.02 ع ي ن | 000010033 | 15/07/2025 | Book - Borrowing | ج. 2. | ||||
| Dewey Decimal Classification | Alef-Baa | Central Library | Central Library | Second Floor | 20/11/2011 | Purchase | 962.02 ع ي ن | 000025660 | 15/07/2025 | Book - Borrowing | ج. 3. | ||||
| Dewey Decimal Classification | Alef-Baa | Central Library | Central Library | Second Floor | 20/11/2011 | Purchase | 962.02 ع ي ن | 000010032 | 15/07/2025 | Book - Borrowing | ج. 4. |